Actitudes y comportamiento de las clases medias mexicanas, ante el impacto de la crisis en la década de los ochenta

Salvato in:
Dettagli Bibliografici
Autore principale: Ereiva Peralta, Apolonio Eulalio Julián (Autore)
Natura: Libro
Lingua:spagnolo
Pubblicazione: Salamanca Universidad Pontificia de Salamanca 2005
Serie:Tesis, 30
Soggetti:
Tags: Aggiungi Tag
Nessun Tag, puoi essere il primo ad aggiungerne!!

MARC

LEADER 00000nam a2200000 a 4500
001 UCK9141
003 CL-VaPUC
008 060421e20050000SP |||||||||||||||||spa|d
020 |a 8472996646 
082 0 4 |a 305.55  |b ERE  |2 21 
100 0 |a Ereiva Peralta, Apolonio Eulalio Julián  |e author  |9 498863 
245 1 0 |a Actitudes y comportamiento de las clases medias mexicanas, ante el impacto de la crisis en la década de los ochenta 
300 |a 67 p 
942 |c BK 
945 |d 20060421 00:00:00  |a cmena 
260 |a Salamanca  |b Universidad Pontificia de Salamanca  |c 2005 
500 |a Extracto de la tesis presentada para la obtención del grado de Doctor 
650 0 |a Clases sociales  |9 256858 
650 7 |a CLASE MEDIA  |2 CL-VaPUC  |9 255144 
650 0 |a Antropología cultural y social   |9 265143 
650 0 |a Comportamiento social  |9 334200 
650 0 |a Problemas sociales  |9 258537 
650 0 |a Pobreza  |9 258652 
650 7 |a CRISIS ECONOMICA  |2 CL-VaPUC  |9 498864 
651 0 |a México  |9 255269 
583 |a last modification  |c 20060421 00:00:00  |k Rodrigo Vera 
490 0 |a Tesis, 30 
999 |c 316426  |d 316424 
952 |0 0  |1 0  |4 0  |6 305_550000000000000_ERE_2005  |7 0  |8 A  |9 390796  |a BIBGIM  |b BIBGIM  |d 2019-11-22  |i 4160541  |o 305.55 ERE 2005  |p 4160541  |r 2025-01-15  |w 2019-11-22  |y BK  |k GIM